Marketingová komunikácia vo vybranej spoločnosti bakalárska práca

Uložené v:
Podrobná bibliografia
Hlavný autor: Grančičová, Martina
Korporativný autor: Obchodná fakulta EU. Katedra marketingu
Ďalší autori: Rehák, Róbert, 1984-
Médium: Kniha
Jazyk:Slovak
Vydavateľské údaje: Bratislava 2024
Tagy: Pridať tag
Žiadne tagy, Buďte prvý, kto otaguje tento záznam!

MARC

LEADER 00000nbm a2200000 4500
001 0302087
005 20241129104054.1
041 0 |a slo 
044 |a SK 
245 1 0 |a Marketingová komunikácia vo vybranej spoločnosti  |b bakalárska práca  |c Martina Grančičová ; školiteľ: Róbert Rehák 
264 1 |a Bratislava  |c 2024 
300 |a 46 s. 
100 1 |a Grančičová, Martina 
700 1 |a Rehák, Róbert, 1984- 
710 2 |a Obchodná fakulta EU. Katedra marketingu